000 00594nam a2200229Ia 4500
003 OSt
005 20220918194704.0
006 a|||||r|||| 00| 0
007 ta
008 220917b |||||||| |||| 00| 0 eng d
024 _a80,987
037 _cTextual
040 _aARTS
_cARTS
_beng
041 _2eng
_aeng
082 _aS:86b4, L1
100 _aGranville-Grossman Kenneth
_986380
245 0 _aRecent advances in clinical psychiatry
260 _c1971
650 _aPSYCHOLOGY
942 _hS:86b4, L1
_cTEXL
_2CC
999 _c204709
_d204709